George Washington's Mount Vernon / Official Guidebook (Record no. 1036)

000 -LEADER
fixed length control field 00637nam a22002057a 4500
003 - CONTROL NUMBER IDENTIFIER
control field OSt
005 - DATE AND TIME OF LATEST TRANSACTION
control field 20241030083848.0
008 - FIXED-LENGTH DATA ELEMENTS--GENERAL INFORMATION
fixed length control field 210128s ||||| |||| 00| 0 eng d
040 ## - CATALOGING SOURCE
Original cataloging agency eng
Language of cataloging eng
Transcribing agency DLC
041 ## - LANGUAGE CODE
Language code of text/sound track or separate title eng
080 ## - UNIVERSAL DECIMAL CLASSIFICATION NUMBER
Universal Decimal Classification number 008
Item number G-37
245 ## - TITLE STATEMENT
Title George Washington's Mount Vernon / Official Guidebook
Statement of responsibility, etc. / by: The Mount Vernon Ladies' Association of the Union
260 ## - PUBLICATION, DISTRIBUTION, ETC.
Place of publication, distribution, etc. Mount Vernon, Virginia
Name of publisher, distributor, etc. The Mount Vernon Ladies' Association of the Union
Date of publication, distribution, etc. 2005
300 ## - PHYSICAL DESCRIPTION
Extent 145 p.
Other physical details ill.
650 #0 - SUBJECT ADDED ENTRY--TOPICAL TERM
9 (RLIN) 493
Topical term or geographic name entry element Culture
650 #0 - SUBJECT ADDED ENTRY--TOPICAL TERM
9 (RLIN) 252
Topical term or geographic name entry element History
653 ## - INDEX TERM--UNCONTROLLED
Uncontrolled term კულტურა
653 ## - INDEX TERM--UNCONTROLLED
Uncontrolled term ისტორია
942 ## - ADDED ENTRY ELEMENTS (KOHA)
Source of classification or shelving scheme
Koha item type Books
Holdings
Withdrawn status Lost status Source of classification or shelving scheme Damaged status Not for loan Permanent location Current location Date acquired Inventory number Total Checkouts Full call number Barcode Date last seen Price effective from Koha item type
          Ken Walker International University Ken Walker International University 01/28/2021 2559   008 G-37 2559 01/28/2021 01/28/2021 Books

Powered by Koha